1424 1523 1296 1743 1239 1139 1286 1744 1031 1456 1785 1445 1753 1011 1615 1603 1548 1394 1665 1347 1384 1784 1623 1804 1893 1488 1428 1383 1225 1982 1130 1881 1710 1522 1412 1279 1355 1466 1590 1631 1529 1160 1052 1138 1940 1118 1704 1747 1274 1789 1137 1482 1130 1470 1218 1203 1220 1704 1908 1550 1962 1917 1668 1078 1933 1629 1935 1562 1060 1786 1133 1025 1353 1626 1572 1108 1845 1197 1688 1455 1142 1690 1195 1143 1285 1534 1918 1771 1289 1532 1572 1393 1664 1930 1867 1973 1469 1086 1916 BCNSPRNW ULIB Ver.6.0+V

เปลี่ยนเป็นภาษาไทย

Change to English
 แสดงรายละเอียดบรรณานุกรม
  กลับหน้าหลัก

Brief Record : Get Marc (ISO 2709) : E-mail record : QR code < ปิดหน้าต่าง
LEADER : 00000nam 2200000uu 4500
001    13399110976
003     ULIB
008    110614s||||||||th 000 0 tha d
020    9789740653745
050  4 AC158^bย382ว 2551
100 1  ชินโฮู, กวอน
245 10 วิทยาศาสตร์ฉลาดรู้ เรื่อง ระบบต่างๆของร่างกาย /^cกวอนชันโฮ, เขียน ; วิภาพร พูลสวัสดิ์, แปล
250    พิมพ์ครั้งที่ 2
260    กรุงเทพฯ :^bอัมรินทร์คอมมิกส์,^c2551
300    197 หน้า :^bภาพประกอบ ;^c21 ซม.
440  0 ชุดวิทยาศาสตร์ฉลาดรู้ ;^vลำดับที่ 11
650  7 การ์ตูน
650  7 อวัยวะ^xวรรณกรรมสำหรับเด็ก
650  7 วรรณกรรมเกาหลี
650  7 วรรณกรรมสำหรับเด็ก
700 0  วิภาพร พูลสวัสดิ์,^eผู้แปล
945    ^p199^l0^i024351
995    ทศพร
999 ^a ใช้งานได้ทุกระบบ
รายการนี้ยังไม่มีแท็ก
คุณยังไม่ได้ล็อกอิน คุณสามารถมีกิจกรรมร่วมกับเว็บไซต์ได้ แต่ต้องล็อกอินก่อน ::
  ล็อกอิน

รายการสื่อสารสนเทศ

ลำดับที่ ประเภท เลขเรียก/บาร์โค้ด สถานที่ สถานะ
- ไม่พบข้อมูล -

รายการใกล้เคียง
    หัวเรื่อง [การ์ตูน]
    หัวเรื่อง [วรรณกรรมเกาหลี]
    หัวเรื่อง [วรรณกรรมสำหรับเด็ก]

BibComment


ยังไม่เคยถูกคอมเมนท์

คอมเมนท์ทรัพยากรรายการนี้
  คอมเมนท์: วิทยาศาสตร์ฉลาดรู..


 Copyright 2026. Bcnsprnw @Library